000 00969nam a2200253Ia 4500
003 OSt
005 20221005112302.0
006 a|||||r|||| 00| 0
007 ta
008 221004b |||||||| |||| 00| 0 pan d
020 _a9788178562230 (hbk)
_c250
024 _a7528
037 _b726, 26/06/2013, H.K. Prakashan
_cTextual
040 _aCRL
_cCRL
_bpan
041 _2pan
_apan
082 _aO153,1L30:g, P9
100 _aਕਾਂਗ, ਕੁਲਬੀਰ ਸਿੰਘ, ਥਦ.
245 0 _aਕਿੱਸਾ ਹੀਰ ਵਾਰਿਸ Fਾਹ
_b ਪਾਠ ਤੇ ਸਮੀਖਿਆ
260 _aਅੰਮ੍ਰਿਤਸਰ
_bਵਾਰਿਸ Fਾਹ ਖ਼ਾਉ੍ਵਡੇFਨ ਭਾਰਤ
_c2009
300 _a152ਪੰ
_ccm.
650 _aਪੰਜਾਬੀ ਸਾਹਿਤ
942 _hO153,1L30:g, P9
_cTEXL
_2cc
999 _c1024421
_d1024421